| 000 | 01277nam a2200349Ia 4500 | ||
|---|---|---|---|
| 001 | ebr10062388 | ||
| 003 | CaPaEBR | ||
| 006 | m u | ||
| 007 | cr cn||||||||| | ||
| 008 | 040926s2002 sz a gsb 001 0 fre d | ||
| 020 | _z9242545619 | ||
| 040 |
_aCaPaEBR _cCaPaEBR |
||
| 035 | _a(OCoLC)56776760 | ||
| 050 | 1 | 4 |
_aHM886 _b.R37 2002eb |
| 245 | 0 | 0 |
_aRapport mondial sur la violence et la sante _h[electronic resource] / _csous la direction de Etienne G. Krug ... [et al.]. |
| 260 |
_aGeneve : _bOrganisation mondiale de la sante, _c2002. |
||
| 300 |
_axxii, 376 p. : _bill. |
||
| 504 | _aIncludes bibliographical references and index. | ||
| 533 |
_aElectronic reproduction. _bPalo Alto, Calif. : _cebrary, _d2009. _nAvailable via World Wide Web. _nAccess may be limited to ebrary affiliated libraries. |
||
| 650 | 0 | _aViolence. | |
| 650 | 0 | _aFamily violence. | |
| 650 | 0 | _aSuicide. | |
| 650 | 0 | _aSex crimes. | |
| 650 | 0 | _aWar. | |
| 650 | 0 | _aPublic health. | |
| 650 | 0 | _aRisk perception. | |
| 650 | 0 | _aRisk management. | |
| 655 | 7 |
_aElectronic books. _2local |
|
| 700 | 1 | _aKrug, Etienne G. | |
| 710 | 2 | _aebrary, Inc. | |
| 856 | 4 | 0 |
_uhttp://site.ebrary.com/lib/rucke/Doc?id=10062388 _zAn electronic book accessible through the World Wide Web; click to view |
| 999 |
_c46841 _d46841 |
||